Důvěrné hospodářsko-politické záznamy
Saved in:
| Format: | Serial |
|---|---|
| Language: | Czech |
| Published: |
Praha
Ministerství zahraničí
|
| Tags: |
No Tags, Be the first to tag this record!
|
MARC
| LEADER | 00000nas1a2200000$$$4500 | ||
|---|---|---|---|
| 001 | 0010712 | ||
| 005 | 20250730114819.9 | ||
| 041 | 0 | |a cze | |
| 044 | |a CZ | ||
| 245 | 1 | 0 | |a Důvěrné hospodářsko-politické záznamy |
| 264 | 1 | |a Praha |b Ministerství zahraničí | |